000 00495pab a2200169 454500
008 180718b1996 xxu||||| |||| 00| 0 eng d
100 _aAlderman, Harold, et.al.
245 _aThe returns to endogenous human capital in Pakistan's rural wage labour morket.
260 _c1996
300 _ap.29-55
362 _aFeb
650 _aWages - Pakistan
650 _aLabour market - Pakistan
650 _aLabour market
773 _aOxford Bulletin of Economics and Statistics
909 _a30911
999 _c30911
_d30911